Feeling This- Blink-182 Lyrics - Statistics

General Stats
  • This quiz has been taken 44 times
  • The average score is 15 of 40
Answer Stats
Hint Answer % Correct
1 I got no regret right now (I'm feeling this)
80%
3 Let me go in her room (I'm feeling this)
70%
4 I wanna take off her clothes (I'm feeling this)
63%
5 Show me the way to bed (I'm feeling this)
57%
6 Show me the way you move (I'm feeling this)
47%
9 Fate fell short this time, your smile fades in the summer
43%
19 Fate fell short this time, your smile fades in the summer
43%
21 (Fate fell short this time, your smile fades in the summer)
43%
31 Fate fell short this time, your smile fades in the summer
43%
33 Fate fell short this time, your smile fades in the summer
43%
35 Fate fell short this time, your smile fades in the summer
43%
37 Fate fell short this time, your smile fades in the summer
43%
39 Fate fell short this time, your smile fades in the summer
43%
10 Place your hand in mine, I'll leave when I wanna
43%
20 Place your hand in mine, I'll leave when I wanna
43%
22 (Place your hand in mine, I'll leave when I wanna)
43%
32 Place your hand in mine, I'll leave when I wanna
43%
34 Place your hand in mine, I'll leave when I wanna
43%
36 Place your hand in mine, I'll leave when I wanna
43%
38 Place your hand in mine, I'll leave when I wanna
43%
40 Place your hand in mine, I'll leave when I wanna
43%
16 Show me the bathroom mirror (I'm feeling this)
43%
8 I love all the things you do (I'm feeling this)
40%
11 Where do we go from here?
40%
17 We're taking this way too slow (I'm feeling this)
37%
7 Fuck it, it's such a blur (I'm feeling this)
33%
15 Show me the bedroom floor (I'm feeling this)
33%
13 Smiling from ear to ear (I'm feeling this)
33%
2 The air is so cold and Null (I'm feeling this)
33%
18 Take me away from here (I'm feeling this)
30%
23 This place was never the same again after you came and went
30%
12 Turn all the lights down now
30%
27 Look to the past and remember and smile
13%
14 My breathing has got too loud (I'm feeling this)
13%
28 And maybe tonight I can breathe for awhile
7%
30 But then all that it means is I'll always be dreaming of you
7%
24 How could you say you meant anything different
7%
29 I'm not in the scene I think I'm falling asleep
7%
26 With a cigarette on the first night we met
7%
25 To anyone standing alone on the street
3%
No matching quizzes found
Score Distribution
Percent of People with Each Score
Percentile by Number Answered
Your Score History
You have not taken this quiz